UM Logo

Science technology and society: (Record no. 5300)

MARC details
000 -LEADER
fixed length control field 00874nam a22002537a 4500
005 - DATE AND TIME OF LATEST TRANSACTION
control field 20241005062528.0
008 - FIXED-LENGTH DATA ELEMENTS--GENERAL INFORMATION
fixed length control field 161019b xxu||||| |||| 00| 0 eng d
020 ## - INTERNATIONAL STANDARD BOOK NUMBER
International Standard Book Number 0521587352
082 ## - DEWEY DECIMAL CLASSIFICATION NUMBER
Edition number 2000
Classification number DC 303.483
Item number Sc2
100 ## - MAIN ENTRY--PERSONAL NAME
9 (RLIN) 16420
Personal name Bridgestock, Martin
245 ## - TITLE STATEMENT
Title Science technology and society:
Remainder of title an introduction/
Statement of responsibility, etc. Martin Bridgestock...and 4 others].
260 ## - PUBLICATION, DISTRIBUTION, ETC. (IMPRINT)
Place of publication, distribution, etc. Cambridge:
Name of publisher, distributor, etc. Cambridge University Press,
Date of publication, distribution, etc. c2000.
300 ## - PHYSICAL DESCRIPTION
Extent xii, 276 pages;
Dimensions 23 cm.
500 ## - GENERAL NOTE
General note Includes bibliographical references and index.<br/>
650 #0 - SUBJECT ADDED ENTRY--TOPICAL TERM
Topical term or geographic name as entry element Science
General subdivision Social aspects.
9 (RLIN) 16421
650 #0 - SUBJECT ADDED ENTRY--TOPICAL TERM
9 (RLIN) 16422
Topical term or geographic name as entry element Technology
General subdivision Social aspects.
650 #0 - SUBJECT ADDED ENTRY--TOPICAL TERM
9 (RLIN) 16423
Topical term or geographic name as entry element Science
General subdivision Government policy.
650 #0 - SUBJECT ADDED ENTRY--TOPICAL TERM
9 (RLIN) 16424
Topical term or geographic name as entry element Science and state.
700 ## - ADDED ENTRY--PERSONAL NAME
9 (RLIN) 16426
Personal name Burch, David
700 ## - ADDED ENTRY--PERSONAL NAME
9 (RLIN) 16427
Personal name Forge, John
700 ## - ADDED ENTRY--PERSONAL NAME
9 (RLIN) 16428
Personal name Laurent, John
700 ## - ADDED ENTRY--PERSONAL NAME
9 (RLIN) 16429
Personal name Lowe, Ian
942 ## - ADDED ENTRY ELEMENTS (KOHA)
Source of classification or shelving scheme Dewey Decimal Classification
Koha item type Circulation
Holdings
Withdrawn status Lost status Source of classification or shelving scheme Damaged status Not for loan Collection code Home library Current library Date acquired Source of acquisition Total Checkouts Full call number Barcode Date last seen Copy number Price effective from Koha item type
    Dewey Decimal Classification     Circulation UM Digos College - LIC UM Digos College - LIC 10/08/2003 Purchased   DC 303.483 Sc2 2000 15116 05/15/2025 1 10/19/2016 Circulation